All Country Flags With Stars - Statistics

General Stats
  • This quiz has been taken 52 times
  • The average score is 54 of 70
Answer Stats
Picture Answer % Correct
Australia
100%
Brazil
100%
China
97%
Nepal
95%
New Zealand
92%
Pakistan
92%
United States of America
92%
Chile
89%
Cuba
89%
Israel
89%
North Korea
89%
Turkey
89%
Algeria
87%
Angola
87%
Bosnia and Herzegovina
87%
Morocco
87%
Vietnam
87%
Croatia
84%
Kosovo
84%
Liberia
84%
Malaysia
84%
Panama
84%
Azerbaijan
82%
Honduras
82%
Papua New Guinea
82%
Philippines
82%
Singapore
82%
Central African Republic
79%
Ethiopia
79%
Mauritania
79%
Somalia
79%
Uzbekistan
79%
Burkina Faso
76%
Cameroon
76%
Dominica
76%
Federal States of Micronesia
76%
Ghana
76%
Paraguay
76%
Slovenia
76%
Tunisia
76%
Turkmenistan
76%
Venezuela
76%
Democratic Republic of Congo
74%
Jordan
74%
Mozambique
74%
Syria
74%
Burundi
71%
Comoros
71%
Libya
71%
Marshall Islands
71%
Myanmar
71%
Samoa
71%
Cape Verde
68%
Equatorial Guinea
68%
Nauru
68%
Senegal
68%
Zimbabwe
68%
Djibouti
66%
East Timor
66%
Namibia
66%
Tajikistan
66%
South Sudan
63%
Suriname
63%
Togo
63%
Tuvalu
63%
Grenada
61%
Guinea-Bissau
61%
Sao Tome and Principe
58%
Solomon Islands
53%
Saint Kitts and Nevis
47%
No matching quizzes found
Score Distribution
Percent of People with Each Score
Percentile by Number Answered
Your Score History
You have not taken this quiz